Les prenoms les plus donnés en 1972 - Statistiques

Statistiques générales
  • Ce quiz a été pris 161 fois
  • Le résultat moyen est 35 sur 60
Statistiques - réponses
Rang Prénom % Correct
21 Jean
89%
23 Marie
87%
9 Philippe
79%
29 François
78%
2 Stéphane
78%
7 Stéphanie
76%
1 Christophe
75%
4 Valérie
75%
23 Patrick
74%
9 Sylvie
74%
4 Laurent
73%
19 Anne
72%
18 Christine
72%
3 Isabelle
72%
2 Nathalie
72%
3 David
71%
11 Véronique
71%
7 Sébastien
70%
15 Pascal
69%
5 Christelle
68%
8 Sophie
68%
14 Catherine
67%
8 Eric
67%
12 Nicolas
67%
1 Sandrine
67%
6 Frédéric
64%
5 Olivier
64%
10 Céline
63%
11 Thierry
63%
16 Florence
62%
12 Laurence
62%
27 Caroline
59%
6 Karine
59%
28 Patrice
58%
17 Vincent
58%
25 Patricia
56%
17 Corinne
54%
16 Emmanuel
54%
14 Jérôme
53%
10 Franck
52%
18 Bruno
50%
24 Cécile
50%
21 Virginie
50%
13 Fabrice
48%
27 Didier
46%
22 Sylvain
46%
26 Béatrice
45%
13 Séverine
43%
25 Xavier
43%
29 Fabienne
41%
22 Carole
40%
20 Delphine
40%
15 Sandra
40%
20 Hervé
37%
19 Arnaud
36%
30 Carine
31%
26 Michael
31%
24 Cyril
28%
28 Magali
27%
30 Lionel
19%
Aucun quiz correspondant
Distribution des résultats
% des personnes avec chaque résultat
Percentile par nombre de réponses
Votre historique - résultats
Vous n’avez pas pris ce quiz